Logo BPK

Biblioteka

Politechniki Koszalińskiej

Dochodzenie powypadkowe / (Rekord nr 21638)

Szczegóły MARC
000 -ETYKIETA REKORDU
podpole kontrolne o stałej długości 00416nam a2200157 i 4500
001 - NUMER KONTROLNY REKORDU
pole kontrolne bg
040 ## - ŹRÓDŁO KATALOGOWANIA
Instytucja, która utworzyła rekord BPK
041 ## - KOD JĘZYKA
Kod języka tekstu pol
008 - POLE O STAŁEJ DŁUGOŚCI - DANE KONTROLNE
podpole kontrolne o stałej długości s pl f |000 0 pol
100 1# - NAZWA OSOBOWA
Nazwa osobowa Hansen, Arwid
Daty związane z nazwą (1917-2002).
245 #0 - TYTUŁ/ODPOWIEDZIALNOŚĆ
Tytuł Dochodzenie powypadkowe /
Pozostałe elementy strefy tytułu i oznaczenia odpowiedzialności Arnid Hansen, Stanisław Lach, Andrzej Nusbek.
260 ## - STREFA ADRESU WYDAWNICZEGO
Miejsce wydania Warszawa,
Data publikacji, dystrybucji/powstania dokumentu 1980.
700 1# - HASŁO DODATKOWE - NAZWA OSOBOWA
Nazwa osobowa Lach, Stanisław.
700 1# - HASŁO DODATKOWE - NAZWA OSOBOWA
Nazwa osobowa Nusbek, Andrzej.
856 ## - LOKALIZACJA I DOSTĘP DO ELEKTRONICZNYCH DOKUMENTÓW ZDALNYCH
Link (URL) http://koha.tu.koszalin.pl/cgi-bin/koha/opac-detail.pl?biblionumber=21638
Tekst linku Katalog online BPK
942 ## - DODATKOWE ELEMENTY (KOHA)
Typ dokumentu Książka
Egzemplarze
Wycofany Status egzemplarza Uszkodzony Dostępność Lokalizacja stała Lokalizacja bieżąca Miejsce przechowywania Sygnatura Kod kreskowy Ostatnio wypożyczono Typ dokumentu
      Dostępny Biblioteka Politechniki Koszalińskiej Biblioteka Politechniki Koszalińskiej Wypożyczalnia BG 30440 01566192 26.02.2014 Książka
© 2023 Biblioteka Politechniki Koszalińskiej :: KOHA